000 00654nam a22002177a 4500
005 20140314154722.0
010 _aENG-109400
020 _a9789351343035
_c225.00
035 _aEN-92933
037 _bDBAD/PUB
082 _a006.78
100 _aVandome, Nick
245 _aDreamweaver cs6 in easy steps :
_cby Nick Vandome
_bfor Windows and Mac /
260 _aNew Delhi
_bMcGraw Hill Education
_c2014
270 _aP-24, Green Park Extn.
_bNew Delhi
_e110016
300 _a192p.
_c24cm(pbk)
500 _aIncludes index
650 _aWeb sites
_xDesign
650 _aDreamweaver (Computer file)
942 _2ddc
_cEN
_mVAN
_h006.78
999 _c82745
_d82745